Mineral economics

Zapisane w:
Opis bibliograficzny
1. autor: Sinha,R.K
Format: Książka
Język:angielski
Wydane: CBS Publishers 2019
Etykiety: Dodaj etykietę
Nie ma etykietki, Dołącz pierwszą etykiete!

MARC

LEADER 00000nam a22000007a 4500
008 210908b ||||| |||| 00| 0 eng d
020 |a 9788120403314 
100 |a Sinha,R.K. 
245 |a Mineral economics  |c R.K. Sinha {and] N.L. Sharma  |g  xvi,394p. 
250 |b 4th edition. 
260 |b CBS Publishers  |c  2019  |d Book  |h  New Delhi  |i 696950  |i  696951  |l HD 9506.A.2.S6  |m Mineral industrial -Management  |m E nergy industries-Management. 
500 |a "It includes bibliography" 
942 |a lcc  |c BK  |e Olagoke M.A.  |f 09/09/2021 
952 |0 0  |1 0  |2 lcc  |4 0  |7 0  |9 3459  |a HOL  |b SSL  |c GJ  |d 2021-09-08  |o HD 9506.A2.S6  |p 2021-67174  |r 2021-09-08 00:00:00  |t 696950  |w 2021-09-08  |y BK 
952 |0 0  |1 0  |2 lcc  |4 0  |7 0  |9 3460  |a HOL  |b HOL  |c GJ  |d 2021-09-08  |o HD 9506.A2.S6  |p 2021-67175  |r 2021-09-08 00:00:00  |t 696951  |w 2021-09-08  |y BK 
999 |c 1722  |d 1722